000 00757nam a2200217Ia 4500
001 17226
003 GE_BSU
008 181216s||||||||xx |||||||||||||| ||und||
040 _cGE_BSU
080 _a821.161.1-32
100 _aტოლსტოი, ლ. (1828-1910)
245 _aსევასტოპოლის მოთხრობები
245 _bრომანი
245 _cთარგმ. იროდიონ ქავჟარაძისა. რედ. გ.ქიქოძე
260 _aთბილისი
260 _bსაბჭოთა მწერალი
260 _c1946
300 _a131გვ. ; 20სმ.
653 _aსევასტოპოლის მოთხრობები
942 _cBK
999 _c50287
_d50287